Statistics for Countries that grow mangoes

Click here to take the quiz!

General Stats

  • This quiz has been taken 63 times
  • The average score is 7 of 10

Answer Stats

HintAnswer% Correct
43,50,000China
95%
1,51,88,000India
95%
26,00,000Thailand
85%
21,31,139Indonesia
83%
12,49,521Brazil
81%
18,88,449Pakistan
78%
18,27,314Mexico
73%
8,89,176Bangladesh
71%
8,50,000Nigeria
47%
8,00,551Philippines
15%

Score Distribution

Percentile by Number Answered

Percent of People with Each Score

Your Score History

You have not taken this quiz